Villes du Benelux en images - Statistiques

Statistiques générales
  • Ce quiz a été pris 30 fois
  • Le résultat moyen est 9 sur 20
Statistiques - réponses
Par images Réponse % Correct
Amsterdam
100%
Bruxelles
92%
Liège
68%
Luxembourg (ville)
68%
Charleroi
60%
Gand
60%
Namur
60%
Rotterdam
60%
Anvers
56%
Bruges
56%
La Haye
48%
Mons
48%
Utrecht
44%
Maastricht
40%
Eindhoven
24%
Esch-sur-Alzette
20%
Breda
16%
Clervaux
12%
Groningue
12%
Diekirch
4%
Aucun quiz correspondant
Distribution des résultats
% des personnes avec chaque résultat
Percentile par nombre de réponses
Votre historique - résultats
Vous n’avez pas pris ce quiz